000 00170nam a22000857a 4500
082 _a823
100 _aJON STOVE
245 _aTHE MONSTER AT THE END OF THIS BOOK
942 _cBK
999 _c8144
_d8144